Holúbok pruhovaný

Bibliographic Details
Main Author: Barlík, Dušan (Author)
Format: Article
Language:Slovak
PhysicalDescription:Fotogr.
ISSN:0862-5573
Subjects:

MARC

LEADER 00000nab a2200000 a 4500
001 vtls008932333
003 SK-MaSNL
005 20260304040918.0
008 140328c2006 xo |||||||||||000 b|slo
015 |a SNBRB2007/01  |2 snkbucl 
038 |a SNKBUCL 
040 |a SNKBUCL  |b slo  |c SNKBUCL  |e AACR2 
041 0 |a slo 
044 |a xo  |c SK 
080 |a 636.68  |2 1997 
100 1 |a Barlík, Dušan  |4 aut  |9 274277 
245 1 0 |a Holúbok pruhovaný  |c Dušan Barlík 
300 |b Fotogr. 
650 0 7 |a holúbok pruhovaný  |2 snkbucl  |9 220894 
650 0 7 |a chov domácich zvierat  |2 snkbucl  |9 2801 
773 0 |t Chovateľ  |g Roč. 42, č. 9 (2006), s. 19  |x 0862-5573 
852 |a SNK  |b KIS3GCP 
999 |c 2665613  |d 2667543